<?xml version="1.0" encoding="UTF-8"?>
<record
    xmlns:xsi="http://www.w3.org/2001/XMLSchema-instance"
    xsi:schemaLocation="http://www.loc.gov/MARC21/slim http://www.loc.gov/standards/marcxml/schema/MARC21slim.xsd"
    xmlns="http://www.loc.gov/MARC21/slim">

  <leader>02518nam a2200313 a 4500</leader>
  <controlfield tag="003">CHAP</controlfield>
  <controlfield tag="005">20250924124538.0</controlfield>
  <controlfield tag="007">ta</controlfield>
  <controlfield tag="008">230426s2019    ck ad||fr|||| 001 0 spa d</controlfield>
  <datafield tag="020" ind1=" " ind2=" ">
    <subfield code="a">978-958-9846-66-7</subfield>
  </datafield>
  <datafield tag="040" ind1=" " ind2=" ">
    <subfield code="a">mxchpua</subfield>
    <subfield code="c">CHAP</subfield>
    <subfield code="e">rda</subfield>
  </datafield>
  <datafield tag="050" ind1="1" ind2="0">
    <subfield code="b">.M37 2019</subfield>
  </datafield>
  <datafield tag="082" ind1="0" ind2="0">
    <subfield code="a">630.20187</subfield>
    <subfield code="b">M37 2019</subfield>
    <subfield code="2">20</subfield>
  </datafield>
  <datafield tag="100" ind1="1" ind2=" ">
    <subfield code="9">72644</subfield>
    <subfield code="a">Mart&#xED;nez Wilches, Orlando</subfield>
    <subfield code="e">autor</subfield>
  </datafield>
  <datafield tag="245" ind1="1" ind2="0">
    <subfield code="a">T&#xE9;cnicas estad&#xED;sticas y dise&#xF1;o de experimentos para la investigaci&#xF3;n agropecuaria /</subfield>
    <subfield code="c">Orlando Mart&#xED;nez Wilches</subfield>
  </datafield>
  <datafield tag="250" ind1=" " ind2=" ">
    <subfield code="a">1a edici&#xF3;n</subfield>
  </datafield>
  <datafield tag="264" ind1=" " ind2=" ">
    <subfield code="a">Bogot&#xE1;, Colombia :</subfield>
    <subfield code="b">Produmedios, </subfield>
    <subfield code="c">2019</subfield>
  </datafield>
  <datafield tag="300" ind1=" " ind2=" ">
    <subfield code="a">228 p&#xE1;ginas :</subfield>
    <subfield code="b">ilustraciones, gr&#xE1;ficas, tablas</subfield>
  </datafield>
  <datafield tag="336" ind1=" " ind2=" ">
    <subfield code="2">rdacontent</subfield>
    <subfield code="a">texto</subfield>
    <subfield code="b">txt</subfield>
  </datafield>
  <datafield tag="337" ind1=" " ind2=" ">
    <subfield code="2">rdamedia</subfield>
    <subfield code="a">sin medio</subfield>
    <subfield code="b">n</subfield>
  </datafield>
  <datafield tag="338" ind1=" " ind2=" ">
    <subfield code="2">rdacarrier</subfield>
    <subfield code="a">volumen</subfield>
    <subfield code="b">nc</subfield>
  </datafield>
  <datafield tag="500" ind1=" " ind2=" ">
    <subfield code="a">Biblioteca de Zootecnia ej.1: S/N (sin sellos)</subfield>
  </datafield>
  <datafield tag="504" ind1=" " ind2=" ">
    <subfield code="a">Incluye bibliograf&#xED;as</subfield>
  </datafield>
  <datafield tag="505" ind1="0" ind2=" ">
    <subfield code="a">1. Introducci&#xF3;n al dise&#xF1;o experimental --
2. El concepto de modelo estad&#xED;stico --
3. Dise&#xF1;o completamente al azar --
4. Dise&#xF1;o de bloques completos al azar --
5. Pruebas de comparaci&#xF3;n m&#xFA;ltiple --
6. Dise&#xF1;o cuadrado o cuadrado latino --
7. Correlaci&#xF3;n y regresi&#xF3;n lineal simple --
8. Arreglos factoriales --
9. Regresi&#xF3;n lineal m&#xFA;ltiple....</subfield>
  </datafield>
  <datafield tag="520" ind1="2" ind2=" ">
    <subfield code="a">El objetivo de un experimento agropecuario es obtener informaci&#xF3;n (datos) que resuelva un limitante tecnol&#xF3;gico en una especie animal o vegetal, o dar soluci&#xF3;n a un interrogante ya planteado en investigaciones anteriores. En consecuencia, un buen dise&#xF1;o experimental es el resultado de un an&#xE1;lisis muy preciso del problema o limitante tecnol&#xF3;gico. Al estad&#xED;stico con frecuencia se le solicitar&#xE1; asesor&#xED;a para hacer inferencias (inducciones y deducciones) de los resultados experimentales. Puesto que las inferencias que se puedan hacer dependen solamente de la forma como se ejecut&#xF3; el experimento, el asesor requerir&#xE1; de una descripci&#xF3;n detallada del ensayo y sus objetivos. Entonces es posible que no se puedan hacer las inferencias requeridas y aquellas variables no respondan a los interrogantes planteados por el investigador; es decir, un refinamiento que se proponga en la t&#xE9;cnica estad&#xED;stica, no sustituye la claridad que se tenga de la problem&#xE1;tica. En un dise&#xF1;o de experimentos se establecen los objetivos, se clasifican los interrogantes y finalmente con base en el an&#xE1;lisis, se producen las recomendaciones.</subfield>
  </datafield>
  <datafield tag="650" ind1="1" ind2="7">
    <subfield code="9">1172</subfield>
    <subfield code="a">Agricultura</subfield>
    <subfield code="x">Investigaciones</subfield>
  </datafield>
  <datafield tag="650" ind1="1" ind2="0">
    <subfield code="9">151252</subfield>
    <subfield code="a">Agriculture</subfield>
    <subfield code="x">Research</subfield>
  </datafield>
  <datafield tag="942" ind1=" " ind2=" ">
    <subfield code="2">ddc</subfield>
    <subfield code="c">LIBRO</subfield>
  </datafield>
  <datafield tag="999" ind1=" " ind2=" ">
    <subfield code="c">218629</subfield>
    <subfield code="d">218629</subfield>
  </datafield>
  <datafield tag="952" ind1=" " ind2=" ">
    <subfield code="0">0</subfield>
    <subfield code="1">0</subfield>
    <subfield code="2">ddc</subfield>
    <subfield code="4">0</subfield>
    <subfield code="5">1</subfield>
    <subfield code="7">0</subfield>
    <subfield code="8">GRAL</subfield>
    <subfield code="a">IA_</subfield>
    <subfield code="b">IA_</subfield>
    <subfield code="d">2021-12-16</subfield>
    <subfield code="e">Compra Carvann Books F. C 22</subfield>
    <subfield code="i">Consumo</subfield>
    <subfield code="l">0</subfield>
    <subfield code="o">630.20187 M37 2019</subfield>
    <subfield code="p">1102014689</subfield>
    <subfield code="r">2023-04-26 00:00:00</subfield>
    <subfield code="t">Ej. 1</subfield>
    <subfield code="w">2023-04-26</subfield>
    <subfield code="y">LIBRO</subfield>
  </datafield>
  <datafield tag="952" ind1=" " ind2=" ">
    <subfield code="0">0</subfield>
    <subfield code="1">0</subfield>
    <subfield code="2">ddc</subfield>
    <subfield code="4">0</subfield>
    <subfield code="5">5</subfield>
    <subfield code="7">0</subfield>
    <subfield code="8">GRAL</subfield>
    <subfield code="a">IA_</subfield>
    <subfield code="b">IA_</subfield>
    <subfield code="d">2021-12-16</subfield>
    <subfield code="e">Compra Carvann Books F. C 22</subfield>
    <subfield code="i">Consumo</subfield>
    <subfield code="l">2</subfield>
    <subfield code="m">3</subfield>
    <subfield code="o">630.20187 M37 2019</subfield>
    <subfield code="p">1102014690</subfield>
    <subfield code="r">2024-10-23 13:40:11</subfield>
    <subfield code="s">2024-10-10</subfield>
    <subfield code="t">Ej. 2</subfield>
    <subfield code="w">2023-04-26</subfield>
    <subfield code="y">LIBRO</subfield>
  </datafield>
  <datafield tag="952" ind1=" " ind2=" ">
    <subfield code="0">0</subfield>
    <subfield code="1">0</subfield>
    <subfield code="2">ddc</subfield>
    <subfield code="4">0</subfield>
    <subfield code="5">5</subfield>
    <subfield code="7">0</subfield>
    <subfield code="8">GRAL</subfield>
    <subfield code="a">IA_</subfield>
    <subfield code="b">IA_</subfield>
    <subfield code="d">2021-12-16</subfield>
    <subfield code="e">Compra Carvann Books F. C 22</subfield>
    <subfield code="i">Consumo</subfield>
    <subfield code="l">3</subfield>
    <subfield code="m">3</subfield>
    <subfield code="o">630.20187 M37 2019</subfield>
    <subfield code="p">1102014691</subfield>
    <subfield code="r">2024-11-06 11:47:24</subfield>
    <subfield code="s">2024-10-30</subfield>
    <subfield code="t">Ej. 3</subfield>
    <subfield code="w">2023-04-26</subfield>
    <subfield code="y">LIBRO</subfield>
  </datafield>
  <datafield tag="952" ind1=" " ind2=" ">
    <subfield code="0">0</subfield>
    <subfield code="1">0</subfield>
    <subfield code="2">ddc</subfield>
    <subfield code="4">0</subfield>
    <subfield code="5">1</subfield>
    <subfield code="7">0</subfield>
    <subfield code="8">GRAL</subfield>
    <subfield code="a">Z</subfield>
    <subfield code="b">Z</subfield>
    <subfield code="d">2022-12-08</subfield>
    <subfield code="e">Compra Libreria UACh No. 40647</subfield>
    <subfield code="i">S/N</subfield>
    <subfield code="l">0</subfield>
    <subfield code="o">630.20187 M37 2019</subfield>
    <subfield code="p">5102007588</subfield>
    <subfield code="r">2025-07-30 10:34:21</subfield>
    <subfield code="t">Ej.1</subfield>
    <subfield code="w">2025-07-30</subfield>
    <subfield code="y">LIBRO</subfield>
  </datafield>
</record>
